00980cam a22002531 4500001000400000003000800004005001700012008003900029035001700068035001900085040003800104041000800142082002600150100005900176245009000235260003600325300002100361504002900382650003000411856011800441942001200559999001300571952014200584839BD-RjUL20211208233234.013 s1947 enk b 000 0 eng a(BD-RjUL)861 a(OCoLC)7564799 aDLCcLUdOCoLCdDLCdBD-RjULbeng aeng a027.662219bMAN 19471 aBedwell, C. E. A.q(Cyril Edward Alfred),d1877-9249310aManual for hospital librarians :cWith a pref. by the Earl of Crawford and Balcarres. aLondon :bLibrary Assn.,c1947. a120 p. ;c23 cm. aIncludes bibliographies. 0aHospital libraries.92494423Worldcat Deatilsuhttp://www.worldcat.org/title/manual-for-hospital-librarians/oclc/7564799&referer=brief_results 2ddccBK c839d839 00102ddc40718NFICaRUCLbRUCLcReadingd1957-08-25eColombo plang0.00l0o027.662 MAN 1947r2013-11-23 00:00:00tC-1w2021-12-08yBK